000 00606nam a2200205Ia 4500
005 20250508161704.0
008 008 250505s9999 xx 000 0 eng d
037 _aTextual
040 _aFEDL
_beng
_cFEDL
041 _aeng
_2eng
084 _a304.2, EHR
_qFEDL
100 _aEhrlich Paul R.
245 0 _aPopulation resources environment : Issues in human ecology
260 _aSan Francisco
_bW. H. Freeman and Company
_c1970
300 _a383p.
490 _aA of books in biology
700 _a Rhrich Anne H.
_9771349
942 _cTEXL
_h304.2, EHR
999 _c1371566
_d1371566